000 00931nam a22002897a 4500
003 CHAP
005 20220329141707.0
008 971013s1994 r 00010 d
010 _a72303
011 _a73275
035 _a82832
040 _cCHAP
090 _aFolleto 14308
100 0 0 _aVaughan, R. L.
_ecomp.
_9118208
245 _aHorticultural business data
260 _aReading, Eng. :
_bThe University of Reading. Department of Agricultural Economics & Management,
_c1994
300 _a49 p.
_b; gráfs.
590 _aBATCH-UPD
_b10
_c20130110
_lUCH01
_h0459
590 _aBATCH-UPD
_b10
_c20130410
_lUCH01
_h0137
590 _aBATCH-UPD
_b10
_c20130914
_lUCH01
_h1623
590 _aCONVERSION
_b10
_c20130109
_lUCH01
_h1340
650 1 4 _aHorticultura
_xEstadísticas.
_956329
650 1 4 _aHorticultura
_xGran Bretaña.
_956335
901 _aBK
942 _cFOLL
949 _aFolleto 14308
_bBC
_cFOLL
_d-37079
_eTS1
_i82832
_si
999 _c72303
_d72303